EMERGING TOOLS & TECHNIQUES IN SCIENCE (Record no. 25199)

MARC details
000 -LEADER
fixed length control field 00307nam a22001337a 4500
003 - CONTROL NUMBER IDENTIFIER
control field SGT
020 ## - INTERNATIONAL STANDARD BOOK NUMBER
International Standard Book Number 9789392787492
082 ## - DEWEY DECIMAL CLASSIFICATION NUMBER
Classification number 507
Item number SIN
100 ## - MAIN ENTRY--PERSONAL NAME
Personal name SINGH , LAKHAWINDER
245 ## - TITLE STATEMENT
Title EMERGING TOOLS & TECHNIQUES IN SCIENCE
260 ## - PUBLICATION, DISTRIBUTION, ETC. (IMPRINT)
Place of publication, distribution, etc NEW DELHI
Name of publisher, distributor, etc SS BOOKS
Year of Publication 2022
300 ## - PAGE DESCRIPTION
No. of Pages 195
942 ## - ADDED ENTRY ELEMENTS (KOHA)
Source of classification or shelving scheme Dewey Decimal Classification
Koha item type Books
942 ## - ADDED ENTRY ELEMENTS (KOHA)
-- 2
Holdings
Withdrawn status Lost status Source of classification or shelving scheme Damaged status Not for loan Collection code Home library Current library Shelving location Date acquired Cost, normal purchase price SGTU Total Checkouts Full call number Accession No. (Barcode) Date last seen Date last borrowed Bill Date Koha item type
    Dewey Decimal Classification     LAW SGT Science & Social Sciences Library SGT Science & Social Sciences Library Text Book 10/10/2023 395.00 SGTU 2 507 SIN PS6951 10/10/2024 10/10/2024 10/10/2023 Books
    Dewey Decimal Classification     LAW SGT Science & Social Sciences Library SGT Science & Social Sciences Library Text Book 10/10/2023 395.00 SGTU   507 SIN PS6952 10/10/2023   10/10/2023 Books